000 01318 a2200205 4500
001 47877
005 20260407155744.0
008 260407a1994 arg spa d
003 AR-UNSa-BCEJYS
040 _aAR-UNSa-BCEJYS
_bspa
_cAR-UNSa-BCEJYS
080 _a004.42
_xProgramación de ordenadores. Programas de ordenador
245 1 0 _aFox Pro 2.5 para dos y windows a su alcance
020 _a84-481-1906-1
264 1 _aMadrid :
_bMcGraw-Hill
_c1994
300 _a572 p.
_c21 cm.
505 _a1. Manejo del editor-compilador. Ventana de mandatos interactivos - 2. Creación de bases de datos - 3. Control de flujo - 4. La macrosustitución - 5. Los ARRAYS en FOXPRO - 6. Funciones FOXPRO. Biblioteca de funciones - 7. Entrada de datos: El control say ...get ...read - 8. Control de objetos - 9. Programación interactiva. Diálogo con ventanas FOXPRO - 10. Campos memo contenidos en las bases de datos - 11. Compilación y enlazado - 12. Áreas de trabajo y tipos de índices en FOXPRO. Índices compactos y compuestos - 13. Creación de informes y etiquetas - 14. Funciones de ARRAYS - 15. Programación de teclas - 16. Menús, Windows, Boxes - 17. El sistema multiusuario FOXPRO para redes de área local.
942 _cBK
590 _aniveau_biblio:m niveau_hierar:0
100 1 _aGarcia- Badell, José Javier
999 _c4473
_d4473